[Event "TCh-AUT 2nd West 2013-14"]
[Site "Austria AUT"]
[Date "2013.10.19"]
[Round "2.4"]
[White "Matt,F"]
[Black "Kanonier,C"]
[Result "1-0"]
[WhiteElo "2222"]
[BlackElo "2099"]

1.Nf3 d5 2.c4 c6 3.e3 Nf6 4.b3 Bg4 5.Bb2 e6 6.Be2 Nbd7 7.O-O Bd6 8.d4 Ne4
9.Nbd2 f5 10.Ne5 Bxe2 11.Qxe2 Nxd2 12.Qxd2 Qh4 13.Rae1 a6 14.f3 Nf6 15.Bc3 Qh6
16.Bb4 Bc7 17.g3 a5 18.Ba3 Nd7 19.Qc3 Nxe5 20.dxe5 Bb6 21.Kg2 Rd8 22.Bd6 g5
23.c5 Ba7 24.Qxa5 Bb8 25.Qb4 Qg7 26.e4 f4 27.exd5 cxd5 28.gxf4 Bxd6 29.exd6 O-O
30.fxg5 Qxg5+ 31.Kh1 Qf6 32.Qg4+  1-0

[Event "Caissa IM Oct 2013"]
[Site "Kecskemet HUN"]
[Date "2013.10.19"]
[Round "1.5"]
[White "Erdelyi,T"]
[Black "Minko,V"]
[Result "0-1"]
[WhiteElo "2144"]
[BlackElo "2312"]

1.Nf3 d5 2.c4 e6 3.g3 Nf6 4.Bg2 c5 5.cxd5 exd5 6.d4 Nc6 7.O-O Be7 8.Nc3 c4
9.Bg5 Be6 10.Ne5 O-O 11.e3 Nd7 12.Nxc6 bxc6 13.Bxe7 Qxe7 14.e4 dxe4 15.Bxe4 Rac8
16.Re1 Rfd8 17.Qh5 Nf6 18.Qh4 Qb4 19.Re2 h6 20.Rd1 Bg4 21.f3 Nxe4 22.Qxg4 Nxc3
23.bxc3 Qxc3 24.Re7 Re8 25.Re4 Rcd8 26.d5 cxd5 27.Rxd5 Rf8 28.Rxd8 Rxd8 29.Kg2 Qd2+
30.Kh3 c3 31.Rc4 c2 32.Qf4 Qxf4 33.gxf4 Rd2 34.f5 Kf8 35.Kg3 Ke7 36.h4 Kd6
37.Kf4 Kd5 38.Rc7 Kd4  0-1

[Event "TCh-AUT 2nd West 2013-14"]
[Site "Austria AUT"]
[Date "2013.10.20"]
[Round "3.3"]
[White "Matt,F"]
[Black "Zimmermann,U"]
[Result "0-1"]
[WhiteElo "2222"]
[BlackElo "2271"]

1.Nf3 d5 2.c4 d4 3.d3 g6 4.g3 Bg7 5.Bg5 Nf6 6.Qc1 O-O 7.Bh6 Nc6 8.Bg2 e5
9.O-O a5 10.Bxg7 Kxg7 11.Nbd2 Qe7 12.a3 Nd7 13.b3 Nc5 14.Qc2 f5 15.Rab1 e4
16.Ne1 e3 17.Ndf3 a4 18.b4 Nb3 19.b5 exf2+ 20.Rxf2 Ne5 21.Nxe5 Qxe5 22.Rxb3 axb3
23.Qxb3 f4 24.Qb2 Bg4 25.Nc2 fxg3 26.Rxf8 gxh2+ 27.Kh1 Rxf8 28.Qxd4 Qxd4
29.Nxd4 b6 30.Kxh2 Rd8 31.Bd5 Kf6 32.e4 Rf8 33.Nc6 Kg5 34.e5 Kh4 35.Bg2 Rf2
36.Kg1 Kg3 37.Bf1 h5 38.Nd4 h4 39.e6 h3  0-1

[Event "TCh-AUT 2nd West 2013-14"]
[Site "Austria AUT"]
[Date "2013.10.20"]
[Round "3.3"]
[White "Juergens,Kl"]
[Black "Huch,R"]
[Result "1/2-1/2"]
[WhiteElo "2143"]
[BlackElo "2332"]

1.Nf3 d5 2.c4 dxc4 3.e3 Bg4 4.Bxc4 e6 5.Qb3 Bxf3 6.gxf3 Qc8 7.Rg1 Nf6 8.d4 a6
9.a4 g6 10.Nc3 Nc6 11.Bd2 Na5 12.Qa2 Nxc4 13.Qxc4 Bd6 14.e4 Be7 15.Bf4 c6
16.a5 Nh5 17.Be5 Bf6 18.Na4 Bxe5 19.Nb6 Qd8 20.dxe5 Rb8 21.Rd1 Qh4 22.Rg4 Qe7
23.Rd7 Qxd7 24.Nxd7 Kxd7 25.f4 Rhe8 26.Qc5 Rbd8 27.f3 Kc8 28.Qa7 Re7 29.Rg2 Nxf4
30.Rd2 Nd3+ 31.Ke2 Red7 32.Ke3 Nxe5 33.Rxd7 Rxd7 34.Qc5 Nd3 35.Qc3 h5 36.f4 Kc7
37.b4 Rd8 38.Qg7 Rd7 39.Qc3 Rd6 40.h3 Rd7 41.Kf3 Rd6 42.Ke3  1/2-1/2

[Event "TCh-CZE Vychod 2013-14"]
[Site "Czech Rep CZE"]
[Date "2013.10.20"]
[Round "1.7"]
[White "Krejci,Jan1"]
[Black "Hodovsky,J"]
[Result "1/2-1/2"]
[WhiteElo "2153"]
[BlackElo "2129"]

1.Nf3 d5 2.c4 c6 3.b3 Nf6 4.g3 Bf5 5.Bg2 e6 6.Bb2 Nbd7 7.O-O Bd6 8.d4 O-O
9.Nbd2 h6 10.Re1 Ne4 11.e3 Ndf6 12.Ne5 Bb4 13.Nxe4 Bxe4 14.Re2 Bxg2 15.Kxg2 Nd7
16.Nd3 Be7 17.cxd5 exd5 18.b4 Nb6 19.Bc3  1/2-1/2

[Event "29th ECC Open 2013"]
[Site "Rhodes GRE"]
[Date "2013.10.20"]
[Round "1.4"]
[White "Ribbegren,K"]
[Black "Hautot,S"]
[Result "0-1"]
[WhiteElo "2157"]
[BlackElo "2378"]

1.Nf3 d5 2.c4 c6 3.g3 Nf6 4.Bg2 Bf5 5.cxd5 cxd5 6.Qb3 Nc6 7.O-O Qd7 8.d3 e5
9.Nc3 Be7 10.e4 dxe4 11.dxe4 Be6 12.Qa4 O-O 13.Rd1 Qc8 14.Nd5 Bd8 15.Be3 h6
16.Rac1 Bg4 17.Rd3 Qe6 18.Nd2 Be2 19.Rb3 b5 20.Qa6 Nd4 21.Qb7 Nxb3 22.Nxb3 Bb6
23.Rc6 Rfb8 24.Qa6 Nxd5 25.Rxe6 Nc7 26.Rxb6 axb6 27.Qxb6 Rxb6 28.Bxb6 Rxa2
29.Nc1  0-1

[Event "29th ECC Open 2013"]
[Site "Rhodes GRE"]
[Date "2013.10.21"]
[Round "2.1"]
[White "Grischuk,A"]
[Black "Andersen,Mad"]
[Result "1-0"]
[WhiteElo "2786"]
[BlackElo "2476"]

1.Nf3 d5 2.c4 c6 3.g3 Nf6 4.Bg2 dxc4 5.O-O Nbd7 6.Qc2 Nb6 7.a4 a5 8.Na3 g6
9.Nxc4 Nxc4 10.Qxc4 Bg7 11.e4 O-O 12.d3 Nd7 13.d4 e5 14.Bg5 Qe8 15.d5 cxd5
16.exd5 h6 17.Be3 f5 18.Qb3 g5 19.Nd2 f4 20.Bb6 g4 21.Rfe1 Qf7 22.Ne4 Kh8
23.Bc7 Qg6 24.Rac1 h5 25.Bd6 Rg8 26.gxf4 h4 27.Ng5 Ra6 28.Be4 Qh5 29.Rxc8 Rxd6
30.Rxg8+ Kxg8 31.Bf5 Nc5 32.Qc4 b6 33.Be6+ Kf8 34.Ne4 Nxe4 35.Qxe4 g3 36.fxe5  1-0

[Event "Guernsey Open 2013"]
[Site "Guernsey GCI"]
[Date "2013.10.23"]
[Round "4"]
[White "Prakken,G"]
[Black "Collier,D"]
[Result "1-0"]
[WhiteElo "2195"]
[BlackElo "2074"]

1.Nf3 d5 2.c4 c6 3.e3 Nf6 4.Nc3 Bf5 5.cxd5 Nxd5 6.d4 e6 7.Bc4 Be7 8.O-O O-O
9.Qe2 Nb6 10.Bb3 N8d7 11.e4 Bg4 12.Bf4 Bb4 13.a3 Bxc3 14.bxc3 Qf6 15.Qe3 Bxf3
16.gxf3 e5 17.Bg3 Rfe8 18.Kh1 Rac8 19.f4 exf4 20.Bxf4 Nd5 21.exd5 Rxe3 22.fxe3 cxd5
23.Bxd5 Nb6 24.Be5 Qxf1+ 25.Rxf1 Nxd5 26.e4 Nb6 27.Rg1 g6 28.d5 Nd7 29.Bd4 f6
30.Rb1 b6 31.Kg2 Kf7 32.Kf3 Ne5+ 33.Ke2 Ke7 34.a4 Nc4 35.Rb4 h5 36.Kd3 Na5
37.Rb1 Nb7 38.Rf1 Rf8 39.c4 g5 40.h3 Rf7 41.Rf2 Nc5+ 42.Bxc5+ bxc5 43.Rf5 Rg7
44.e5 fxe5 45.Ke4 g4 46.hxg4 hxg4 47.Rxe5+ Kd7 48.Kf4 g3 49.Re1 g2 50.Rg1 Kd6
51.Kf3 Rb7 52.Rxg2 Rb4 53.Rg4 Rxa4 54.Ke3 a5 55.Rg6+ Ke5 56.Re6+ Kf5 57.Kd3 Ra3+
58.Kc2 a4 59.Rc6 Ke5 60.Rxc5 Kd4 61.Rc8 Ra2+ 62.Kb1 Rh2 63.d6  1-0

[Event "Caissa IM Oct 2013"]
[Site "Kecskemet HUN"]
[Date "2013.10.23"]
[Round "5.3"]
[White "Erdelyi,T"]
[Black "Kojima,S"]
[Result "0-1"]
[WhiteElo "2144"]
[BlackElo "2344"]

1.Nf3 d5 2.c4 c6 3.b3 dxc4 4.bxc4 e5 5.Qc2 Nd7 6.Bb2 Bd6 7.g3 Ngf6 8.Bg2 O-O
9.O-O Re8 10.Nc3 Nc5 11.d3 Bf5 12.Nd2 Qe7 13.Nde4 Nfxe4 14.Nxe4 Nxe4 15.Bxe4 Bxe4
16.dxe4 Rad8 17.Rad1 Bc5 18.e3 f6 19.h4 Qe6 20.Kg2 Qg4 21.a4 a5 22.Bc3 b6
23.Bb2 Kf7 24.f3 Qe6 25.Bc1 Ke7 26.g4 Rxd1 27.Rxd1 Rd8 28.Rxd8 Kxd8 29.h5 Kc7
30.Qd3 Qd6 31.Qxd6+ Bxd6 32.Kf2 b5 33.cxb5 cxb5 34.axb5 Kb6 35.Ke2 Kxb5 36.Kd3 a4
37.Kc3 Bb4+ 38.Kc2 Kc4 39.Bb2 a3 40.Ba1 h6 41.f4 Bd6  0-1

[Event "29th ECC Open 2013"]
[Site "Rhodes GRE"]
[Date "2013.10.23"]
[Round "4.16"]
[White "Gerber,R"]
[Black "Makolli,Perparim"]
[Result "1/2-1/2"]
[WhiteElo "2390"]
[BlackElo "2251"]

1.Nf3 d5 2.c4 c6 3.d4 e6 4.Bg5 Be7 5.Bxe7 Qxe7 6.Nbd2 Nf6 7.Qc2 Nbd7 8.e3 e5
9.dxe5 Nxe5 10.Nxe5 Qxe5 11.cxd5 Nxd5 12.Nc4 Qe7 13.Be2 O-O 14.O-O Be6 15.a3 Rfd8
16.b4 Qf6 17.Rac1 Rd7 18.Rfe1 Rad8 19.Qb2 Qxb2 20.Nxb2 Nb6 21.Red1 Kf8 22.Kf1 Rxd1+
23.Rxd1 Rxd1+ 24.Bxd1 Nc4 25.Nxc4 Bxc4+ 26.Ke1 Ke7 27.Kd2 Kd6 28.f4 Bd5 29.g4 Be4
30.Kc3 c5 31.Be2 f6 32.h4 h6 33.Kc4 Bd5+ 34.Kc3 Be4 35.Kc4 Bd5+ 36.Kc3 Be4  1/2-1/2

[Event "29th ECC Open 2013"]
[Site "Rhodes GRE"]
[Date "2013.10.23"]
[Round "4.20"]
[White "Lubczynski,R"]
[Black "Wegerle,J"]
[Result "1-0"]
[WhiteElo "2432"]
[BlackElo "2438"]

1.Nf3 d5 2.c4 c6 3.e3 Nf6 4.Nc3 g6 5.d4 Bg7 6.Qb3 O-O 7.Bd2 e6 8.Bd3 Nbd7
9.O-O a6 10.a4 Qe7 11.a5 Rd8 12.Na4 Bf8 13.Bc3 dxc4 14.Bxc4 Ne4 15.Be1 Nd6
16.Bb4 Qf6 17.Be2 e5 18.Nb6 Nxb6 19.dxe5 Qe6 20.Qxe6 Bxe6 21.Bxd6 Bxd6 22.exd6 Nc8
23.Rfd1 Nxd6 24.Ne5 Kf8 25.Kf1 Ne4 26.Ke1 Nc5 27.b4 Ne4 28.Rac1 Rxd1+ 29.Bxd1 Rd8
30.Be2 Nf6 31.Nd3 Nd7 32.Kd2 Bf5 33.Kc3 Bxd3 34.Bxd3 Ke7 35.Rd1 Nf6 36.Rd2 Rd5
37.h3 h5 38.e4 Rd8 39.h4 Ng4 40.f4 f6 41.Be2 Rc8 42.Bxg4 hxg4 43.Kc4 Rh8
44.g3 Rh5 45.Rf2 Kd6 46.f5 g5 47.hxg5 Rxg5 48.Kd4 Rh5 49.e5+ Ke7 50.Rf4 Rh1
51.e6 Rd1+ 52.Kc5 Rd5+ 53.Kb6 Rb5+ 54.Kc7 c5 55.Rxg4 Rxb4 56.Rg7+ Ke8 57.Kd6 Rd4+
58.Kxc5 Rd3 59.g4 Rc3+ 60.Kb6 Rb3+ 61.Kc7  1-0

[Event "Guernsey Open 2013"]
[Site "Guernsey GCI"]
[Date "2013.10.24"]
[Round "5"]
[White "Hillarp Persson,T"]
[Black "Houska,Jo"]
[Result "0-1"]
[WhiteElo "2557"]
[BlackElo "2401"]

1.Nf3 d5 2.c4 e6 3.g3 Nf6 4.Bg2 Bd6 5.d4 c6 6.Nc3 Nbd7 7.Nd2 O-O 8.O-O h6
9.e4 dxe4 10.Ndxe4 Nxe4 11.Nxe4 Bc7 12.f4 Nf6 13.Nc3 Bb6 14.c5 Bc7 15.Kh1 Nd5
16.Nxd5 exd5 17.f5 Qf6 18.Bf4 Bxf4 19.Rxf4 Re8 20.h4 b6 21.cxb6 axb6 22.Qd2 Bd7
23.a3 Re7 24.Qb4 b5 25.Re1 Rae8 26.Rxe7 Rxe7 27.Qd2 Re8 28.Kg1 g6 29.fxg6 Qxg6
30.Qf2 Bg4 31.Rf6 Qb1+ 32.Kh2 Re2 33.Qf4 Qe4 34.Qxe4 dxe4 35.Kg1 e3 36.Rf4 f5
37.Bxc6 Rxb2 38.Rf1 Kf8 39.Re1 e2 40.Kf2 Rb3 41.a4 bxa4 42.Bxa4 Rf3+ 43.Kg1 Rxg3+
44.Kf2 Rf3+ 45.Kg1 Rd3 46.Bb5 Rxd4 47.Kf2 Kg7 48.Bxe2 Rd2  0-1

[Event "Guernsey Open 2013"]
[Site "Guernsey GCI"]
[Date "2013.10.24"]
[Round "5"]
[White "Adrian,C"]
[Black "Dilleigh,S"]
[Result "1/2-1/2"]
[WhiteElo "2238"]
[BlackElo "2135"]

1.Nf3 d5 2.c4 e6 3.g3 g6 4.d4 Bg7 5.Bg2 Ne7 6.O-O Nbc6 7.Qc2 O-O 8.Rd1 a5
9.Nc3 b6 10.b3 Ba6 11.Nb5 Nb4 12.Qd2 c6 13.Nc3 dxc4 14.a3  1/2-1/2

[Event "29th ECC Open 2013"]
[Site "Rhodes GRE"]
[Date "2013.10.25"]
[Round "6.20"]
[White "Mirza,Gabriel"]
[Black "Sykes,C"]
[Result "1-0"]
[WhiteElo "1735"]
[BlackElo "1925"]

1.Nf3 d5 2.c4 dxc4 3.Na3 Qd5 4.Qa4+ Qc6 5.Qxc4 Qxc4 6.Nxc4 Nc6 7.a3 Be6 8.e3 h6
9.b4 a6 10.Bb2 Nf6 11.d4 g6 12.Bd3 Bg7 13.Ncd2 Nb8 14.Rc1 c6 15.O-O O-O 16.h3 Nd5
17.Rfe1 Nd7 18.Kh2 g5 19.g3 g4 20.hxg4 Bxg4 21.e4 N5b6 22.Nh4 Nf6 23.f3 Bd7
24.Nb3 Na4 25.Ba1 Rad8 26.Na5 Bc8 27.Nc4 Nh5 28.e5 Be6 29.Nf5 Rd7 30.Nfe3 b5
31.Bc2 f6 32.g4 Nf4 33.Rcd1 fxe5 34.dxe5 Nd5 35.Bxa4 bxa4 36.Kg3 Rfd8 37.f4 Nxe3
38.Nxe3 Rd3 39.Kf3 Bd5+ 40.Kg3 Rxa3 41.Kh4 Rb3 42.Nf5 Kf8 43.Nd4 Rxb4 44.Nxc6 Bxc6
45.Rxd8+ Be8 46.f5 a3 47.Kg3 a5 48.Re3 a4 49.Rxa3 Rb1 50.Bd4 Rd1 51.Kf4 Rc1
52.Rxa4 Rd1 53.Raa8 Rxd4+ 54.Rxd4 Kf7 55.Ra7  1-0

[Event "1st La Dame Noire Masters"]
[Site "Montigny-le-Bretonneux FRA"]
[Date "2013.10.26"]
[Round "8.1"]
[White "Moroni,L"]
[Black "Guliyev,N"]
[Result "0-1"]
[WhiteElo "2287"]
[BlackElo "2559"]

1.Nf3 d5 2.c4 d4 3.b4 Bg4 4.Qa4+ c6 5.Qb3 Bxf3 6.Qxf3 e5 7.Qb3 Nf6 8.d3 a5
9.b5 a4 10.Qb2 a3 11.Qb3 Nbd7 12.bxc6 bxc6 13.g3 Rb8 14.Qa4 Bb4+ 15.Bd2 c5
16.Bg2 O-O 17.O-O h6 18.Rd1 e4 19.dxe4 Re8 20.Qc2 Ne5 21.h3 Rb6 22.f4 d3
23.exd3 Qd4+ 24.Kh1 Nxd3 25.Nc3 Nf2+ 26.Kh2 Nxd1 27.Rxd1 Bxc3 28.Bxc3 Qxc4
29.e5 Rb2 30.Qd3 Qxd3 31.Rxd3 c4 32.Rd4 Rc2 33.Be1 c3 34.Kg1 Rxa2 35.Bxc3 Rc2
36.Rd3 a2 37.Bd4 Rd8 38.exf6 Rxd4  0-1

[Event "17th OIBM 2013"]
[Site "Bad Wiessee GER"]
[Date "2013.10.27"]
[Round "3.16"]
[White "Bluebaum,M"]
[Black "Loew,Gera"]
[Result "1-0"]
[WhiteElo "2510"]
[BlackElo "2234"]

1.Nf3 d5 2.c4 e6 3.d4 Nf6 4.g3 dxc4 5.Bg2 Bb4+ 6.Bd2 c5 7.Qc1 Bxd2+ 8.Nbxd2 cxd4
9.Nxc4 Nc6 10.O-O O-O 11.Rd1 Rb8 12.Qf4 Nd5 13.Qd2 b5 14.Nce5 Nxe5 15.Nxe5 Bb7
16.Qxd4 f6 17.Nf3 Qb6 18.Qxb6 Nxb6 19.Nd4 Bxg2 20.Kxg2 Na4 21.Nxe6 Rfe8 22.Nf4 Nxb2
23.Rd7 Rf8 24.Rc1 Nc4 25.Rxa7 Rf7 26.Rxf7 Kxf7 27.a4 Nd6 28.Rc7+ Kg8 29.axb5 Rxb5
30.Rd7 Ne8 31.Nd5 Kf8 32.e4 Rb2 33.h4 Re2 34.Kf3 Re1 35.h5 Rh1 36.Nf4 Ra1
37.h6 g5 38.Nd5 Kg8 39.Re7  1-0

[Event "8th Herbstopen"]
[Site "Deizisau GER"]
[Date "2013.10.27"]
[Round "2.3"]
[White "Gschnitzer,O"]
[Black "Engbrecht,Helmut"]
[Result "1/2-1/2"]
[WhiteElo "2440"]
[BlackElo "2045"]

1.Nf3 d5 2.c4 d4 3.g3 c5 4.Bg2 Nc6 5.O-O e5 6.d3 Nf6 7.e3 Be7 8.Re1 O-O 9.exd4 exd4
10.Na3 Bg4 11.h3 Bh5 12.g4 Bg6 13.Nh4 Nd7 14.Nxg6 fxg6 15.Re6 Bh4 16.f4 Re8
17.Rxe8+ Qxe8 18.Nb5 Qe7 19.Nc7 Rc8 20.Nd5 Qe1+ 21.Qxe1 Bxe1 22.Be3 Ba5 23.Bf2 Re8
24.Kf1 Nf6 25.a3 Nxd5 26.Bxd5+ Kf8 27.b4 cxb4 28.Bxc6 bxc6 29.Bxd4 b3 30.Rb1 Rb8
31.Bxa7 Rb7 32.Bc5+ Kf7 33.Bb4 Bc7 34.d4 Bxf4 35.Rxb3 g5 36.Rd3 Ke6 37.Ke2 g6
38.d5+ cxd5 39.Rxd5 h5 40.Rb5 Rc7 41.Rb6+ Kf7 42.Kd3 Rd7+ 43.Ke4 Rc7 44.Kd5 Rd7+
45.Bd6 Bxd6 46.Rxd6 Ra7 47.c5 Rxa3 48.c6 Rd3+ 49.Ke5 Rc3 50.Rd7+ Ke8 51.Kd6 Rd3+
52.Ke6 Re3+ 53.Kd6 Rd3+ 54.Kc7 Rxh3 55.Rd5 Re3 56.Rxg5 hxg4 57.Rxg4 Kf7 58.Rc4 g5
59.Kd6 Rd3+ 60.Ke5 Re3+ 61.Kd5 Rd3+ 62.Ke4 Rd8 63.c7 Rc8 64.Kd5 Kf6 65.Kd6 Kf5
66.Kd7 Rh8 67.c8=Q Rxc8 68.Rxc8 g4 69.Kd6 g3 70.Kd5 Kf4 71.Rc4+ Kf3 72.Rc3+ Kf4
73.Rc2 Kf3 74.Ke5 g2 75.Rc1 Kf2 76.Kf4 g1=Q 77.Rc2+ Kf1 78.Rc1+ Kf2 79.Rxg1 Kxg1  1/2-1/2

[Event "8th Herbstopen"]
[Site "Deizisau GER"]
[Date "2013.10.27"]
[Round "2.2"]
[White "Foermes,A"]
[Black "Langheinrich,F"]
[Result "0-1"]
[WhiteElo "2031"]
[BlackElo "2456"]

1.Nf3 d5 2.c4 c6 3.d4 Nf6 4.Qc2 dxc4 5.Qxc4 Bf5 6.g3 e6 7.Bg2 Nbd7 8.O-O Be7
9.Rd1 O-O 10.e3 Rc8 11.Qe2 Qb6 12.Nc3 c5 13.h3 cxd4 14.Nxd4 Bg6 15.e4 Ne5
16.Na4 Qa5 17.b3 Nc6 18.Nxc6 Rxc6 19.f3 Rfc8 20.Be3 Ba3 21.Nb2 Rc2 22.Rd2 Rxd2
23.Bxd2 Qe5 24.Rc1 Rxc1+ 25.Bxc1 Qxg3 26.Qc2 Qe1+ 27.Kh2 Bd6+ 28.f4 Nxe4
29.Qc8+ Bf8 30.Nd3 Qg3+ 31.Kg1 Qxd3  0-1

[Event "14th Liberec Open"]
[Site "Liberec CZE"]
[Date "2013.10.27"]
[Round "2.18"]
[White "Brauer,C"]
[Black "Liduch,F"]
[Result "1/2-1/2"]
[WhiteElo "2123"]
[BlackElo "1856"]

1.Nf3 d5 2.c4 c6 3.g3 Nf6 4.Bg2 e6 5.b3 Be7 6.Bb2 O-O 7.d3 Nbd7 8.O-O Qc7
9.Nc3 Rd8 10.Qc2 b5 11.cxb5 cxb5 12.Rac1 Qb6 13.e3 Bb7 14.Qd2 Rac8 15.Ne2 Qd6
16.Ned4 a6 17.a3 g6 18.b4 Nb6 19.Nb3 Nfd7 20.Rxc8 Rxc8 21.Rc1 Qb8 22.h4 Na4
23.Ba1 Rxc1+ 24.Qxc1 Qc8 25.Qxc8+ Bxc8 26.Kf1 Bf6 27.Bxf6 Nxf6 28.Ne5 Kf8
29.Ke2 Nd7 30.Nxd7+ Bxd7 31.Kd2 Ke7 32.f4 Kd6 33.e4 dxe4 34.Bxe4 e5 35.Bf3 f6
36.Na1 Nb6 37.Be2 Be6  1/2-1/2

[Event "17th OIBM 2013"]
[Site "Bad Wiessee GER"]
[Date "2013.10.29"]
[Round "5.24"]
[White "Ludwig,Peter"]
[Black "Zude,A"]
[Result "1/2-1/2"]
[WhiteElo "2243"]
[BlackElo "2416"]

1.Nf3 d5 2.c4 c6 3.e3 e6 4.Nc3 Nf6 5.b3 Bd6 6.Qc2 O-O 7.Bb2 Nbd7 8.Be2 Re8
9.O-O e5 10.cxd5 Nxd5 11.Ne4 N7f6 12.Nxd6 Qxd6 13.d3 Bg4 14.a3 Rad8 15.Rfd1 Bh5
16.Rac1 a6  1/2-1/2

[Event "14th Liberec Open"]
[Site "Liberec CZE"]
[Date "2013.10.29"]
[Round "5.10"]
[White "Titera,Libor"]
[Black "Kucera,P3"]
[Result "0-1"]
[WhiteElo "1956"]
[BlackElo "2224"]

1.Nf3 d5 2.c4 e6 3.g3 Nf6 4.Bg2 Be7 5.b3 O-O 6.Bb2 c6 7.O-O Nbd7 8.d3 a5
9.Qc2 Qc7 10.Nbd2 Rd8 11.e4 dxe4 12.dxe4 e5 13.Rad1 Bc5 14.Nh4 Nf8 15.h3 Ne6
16.Ndf3 Nd7 17.Nf5 f6 18.Rd2 Bf8 19.Rfd1 g6 20.Nd6 Bxd6 21.Rxd6 c5 22.R6d3 Nd4
23.Qd2 b6 24.Nxd4 cxd4 25.g4 Nc5 26.Rg3 Bb7 27.f3 Ne6 28.h4 Nf4 29.Bf1 Kh8
30.Bc1 Rg8 31.Qc2 Ne6 32.g5 fxg5 33.hxg5 Rgf8 34.Qh2 Qe7 35.Be2 Rf7 36.Rg4 Ng7
37.Rh4 Nh5 38.Kf2 Raf8 39.Rd3 Bc6 40.Ke1 Qc5 41.Ba3 Qxa3 42.Qxe5+ Kg8 43.Qxd4 Qc1+
44.Rd1 Qxg5 45.Rg4 Qc5 46.Qc3 Nf4 47.e5 Nxe2  0-1

[Event "17th OIBM 2013"]
[Site "Bad Wiessee GER"]
[Date "2013.10.30"]
[Round "6.22"]
[White "Vogel,Roven"]
[Black "Bellia,F"]
[Result "1/2-1/2"]
[WhiteElo "2105"]
[BlackElo "2421"]

1.Nf3 d5 2.c4 e6 3.g3 Nf6 4.Bg2 dxc4 5.Qa4+ Nbd7 6.O-O a6 7.Qxc4 b5 8.Qb3 Bb7
9.Nc3 c5 10.d3 Be7 11.Be3 O-O 12.a4 b4 13.Nb1 Rc8 14.Nbd2 Nd5 15.Nc4 Nxe3
16.Nxe3 Nb8 17.Ne5 Bxg2 18.Kxg2 Qc7 19.N3c4 Bf6 20.Nf3 Nc6 21.Rac1 g5 22.h3 h5
23.Qd1 Kg7 24.Ncd2 Be7 25.Ne4 g4 26.hxg4 hxg4 27.Nfd2 Qb7 28.Nc4 Rcd8 29.Qd2 f5
30.Rh1 Rh8 31.Ncd6 Qb8 32.Qf4 Nd4 33.Qe5+ Kg6 34.Rxh8 Rxh8 35.Rxc5 Qf8 36.Nxf5 Bxc5
37.Nxd4 Bxd4 38.Qxd4 Rh5 39.Qb6 Qc8 40.Qd4 Qh8 41.Qxh8 Rxh8 42.Nc5 Rc8 43.d4 e5
44.Nxa6 exd4 45.Nxb4 Rc4 46.Nd3 Rxa4 47.f3 Kf5 48.fxg4+ Kxg4 49.Kf2 Ra8 50.e3 Rf8+
51.Nf4 dxe3+ 52.Kxe3 Kxg3 53.Nd3 Rb8 54.b4 Rxb4  1/2-1/2

[Event "13th Sautron Open 2013"]
[Site "Sautron FRA"]
[Date "2013.10.30"]
[Round "6.9"]
[White "Burmakin,V"]
[Black "Letertre,A"]
[Result "1-0"]
[WhiteElo "2581"]
[BlackElo "1864"]

1.Nf3 d5 2.c4 e6 3.g3 Nf6 4.Bg2 Nc6 5.O-O h6 6.d4 dxc4 7.Qa4 Bd7 8.Qxc4 Bd6
9.Nbd2 O-O 10.Qb3 Nd5 11.a3 Nb6 12.Ne4 Be7 13.Qc2 Bf6 14.Rd1 Na5 15.Nc5 Bc6
16.e4 Qe8 17.b4 Nac4 18.a4 a5 19.b5 Bd7 20.e5 Be7 21.Bf1 Bxc5 22.dxc5  1-0

[Event "17th OIBM 2013"]
[Site "Bad Wiessee GER"]
[Date "2013.10.31"]
[Round "7.21"]
[White "Ludwig,Peter"]
[Black "Pezerovic,E"]
[Result "0-1"]
[WhiteElo "2243"]
[BlackElo "2439"]

1.Nf3 d5 2.c4 c6 3.g3 Nf6 4.Bg2 Bf5 5.cxd5 cxd5 6.Qb3 Qb6 7.Qxb6 axb6 8.Nc3 Nc6
9.d3 e5 10.Bg5 Be6 11.O-O Be7 12.Nb5 Kd7 13.d4 e4 14.Nd2 h6 15.Bf4 g5 16.Be5 Rhc8
17.h3 Nh5 18.g4 Nf4 19.e3 Nxg2 20.Kxg2 Nxe5 21.dxe5 Rc2 22.Nb3 Rxb2 23.Rfc1 Rc8
24.N3d4 Rc5 25.Rcb1 Rxb1 26.Rxb1 Rc4 27.Nd6 Bxd6 28.exd6 Kxd6 29.Rxb6+ Kc7
30.Rb3 Bd7 31.Ra3 Ba4 32.Nf5 b5 33.Nxh6 Kb6 34.Nxf7 Ka5 35.Nxg5 Kb4 36.Rb3+ Bxb3
37.axb3 Kxb3 38.Ne6 Kc3 39.g5 b4 40.Nd4 b3 41.Nxb3 Kxb3 42.h4 d4 43.exd4 Kc3  0-1

[Event "Stockholm All Saints Open 2013"]
[Site "Stockholm SWE"]
[Date "2013.10.31"]
[Round "2.19"]
[White "Wihlborn,B"]
[Black "Jansson,Torolf"]
[Result "1-0"]
[WhiteElo "1835"]
[BlackElo "1616"]

1.Nf3 d5 2.c4 c6 3.d4 Nf6 4.e3 a6 5.Nc3 Bg4 6.Qb3 Ra7 7.Ne5 Bh5 8.Bd3 e6
9.O-O Nbd7 10.Nxd7 Nxd7 11.Qc2 Bg6 12.e4 dxe4 13.Nxe4 Nf6 14.Be3 Ng4 15.Bg5 Be7
16.Bxe7 Qxe7 17.h3 Nf6 18.Rfe1 Nxe4 19.Bxe4 Bxe4 20.Qxe4 O-O 21.d5 cxd5 22.cxd5 Re8
23.Qd4 b5 24.dxe6 fxe6 25.Rxe6 Qxe6 26.Qxa7 Qf6 27.Rd1 Qxb2 28.Qxa6 Qc2 29.Rf1 b4
30.Qb5 Qe4 31.f3 Qd4+ 32.Kh1 Ra8 33.Rb1 Rxa2 34.Qe8+  1-0

[Event "17th OIBM 2013"]
[Site "Bad Wiessee GER"]
[Date "2013.11.01"]
[Round "8.20"]
[White "Prusikin,M"]
[Black "Nuber,K"]
[Result "1/2-1/2"]
[WhiteElo "2546"]
[BlackElo "2270"]

1.Nf3 d5 2.c4 c6 3.g3 Nf6 4.Bg2 e6 5.O-O Nbd7 6.b3 Be7 7.Nc3 O-O 8.d4 b6
9.Nd2 Bb7 10.e4 dxe4 11.Ndxe4 Nxe4 12.Nxe4 Nf6 13.Nc3 Qd7 14.Be3 Rad8 15.Qe2 c5
16.Rfd1 Bxg2 17.Kxg2 Qc6+ 18.Qf3 Qxf3+ 19.Kxf3 cxd4 20.Bxd4 Nd7 21.Nb5 a6
22.Na7 Bf6 23.Bxf6 gxf6 24.Ke2 Nc5 25.Nc6 Rxd1 26.Rxd1 Kg7 27.Ke3 Rc8 28.Nd4 f5
29.Ne2 Rc7 30.Rd6 Nd7 31.Nf4 Rb7 32.Nd3 a5 33.Rc6 Kf6 34.Kd4 Ke7 35.Rc8 Rb8
36.Rc7 Kd6 37.Ra7 e5+ 38.Kc3 Rc8 39.a3 h5 40.h4 f6 41.b4 axb4+ 42.axb4 Rg8
43.c5+ bxc5 44.Ra6+ Kd5 45.bxc5 Nxc5 46.Nxc5 Rc8 47.Rxf6 Rxc5+ 48.Kd3 e4+
49.Kd2 Ke5 50.Rh6 Ra5 51.Rxh5 Ra2+ 52.Ke3 Ra3+ 53.Ke2 Ra2+ 54.Kf1 Ra1+ 55.Kg2 Ra2
56.Rh8 Kf6 57.Rf8+ Kg6 58.g4 fxg4 59.Kg3 Re2 60.Rg8+ Kf5 61.Rg5+ Ke6 62.Rxg4 e3
63.f3 Re1 64.Re4+ Kf5 65.Re8 e2 66.Re4 Kg6 67.Kf2 Ra1 68.Kxe2 Kh5 69.Rg4 Rb1
70.Ke3 Ra1 71.Kf4 Rb1 72.Rg8 Rb4+ 73.Kg3 Rb1 74.Rg5+ Kh6 75.f4 Rg1+ 76.Kf3 Rf1+
77.Kg4 Rg1+ 78.Kf5 Ra1 79.Rg8 Kh7 80.Re8 Rh1 81.Kg5 Rg1+ 82.Kf5 Rh1 83.Re7+ Kh6
84.Re6+ Kh7 85.Kg5 Rc1 86.Kh5 Kg7 87.f5 Kf7 88.Ra6 Rf1 89.Kg5 Rg1+ 90.Kh6 Rf1
91.Ra5 Kf6 92.h5 Rh1 93.Ra8 Kxf5 94.Rf8+ Ke6 95.Kg6 Rg1+ 96.Kh7 Ke7 97.Ra8 Kf7
98.h6 Rg2 99.Ra7+ Kf8 100.Rg7 Rh2 101.Rg3 Kf7  1/2-1/2

[Event "80th ch-BRA S/F 1 2013"]
[Site "Rio de Janeiro BRA"]
[Date "2013.11.01"]
[Round "2.21"]
[White "Rios Filho,H"]
[Black "Da Silva,Jhonny Joao Balbino"]
[Result "1-0"]
[WhiteElo "2151"]
[BlackElo "1934"]

1.Nf3 d5 2.c4 c6 3.b3 Nf6 4.Bb2 e6 5.g3 Nbd7 6.Bg2 b6 7.O-O Bb7 8.Nc3 Bd6
9.d4 O-O 10.Qc2 Rc8 11.e4 Nxe4 12.Nxe4 dxe4 13.Qxe4 Qe7 14.Rad1 h6 15.Rfe1 Rfe8
16.Qb1 Qf8 17.Bc3 Bb4 18.Qb2 Bxc3 19.Qxc3 Red8 20.b4 c5 21.dxc5 bxc5 22.b5 Nf6
23.Ne5 Bxg2 24.Kxg2 Qe7 25.Qf3 Qc7 26.Nc6 Re8 27.h3 a6 28.a4 Nd7 29.Qe3 axb5
30.axb5 Nb8 31.Nxb8 Rxb8 32.Rd3 Red8 33.Red1 Rxd3 34.Rxd3 Kf8 35.Qe4 Qb7
36.Rd8+ Ke7 37.Qxb7+ Rxb7 38.Rc8 Kd6 39.Rc6+ Kd7 40.Rxc5 Rb6 41.Kf3 f6 42.Ke4 Rd6
43.h4 g5 44.h5 Rd2 45.Ke3 Rb2 46.f3 Rb3+ 47.Ke2 g4 48.fxg4 Rxg3 49.Kd2 Rxg4
50.Kc3 Rg8 51.b6 Kd6 52.Rc7 Rb8 53.c5+ Ke5 54.b7 f5 55.c6  1-0

[Event "Stockholm All Saints Open 2013"]
[Site "Stockholm SWE"]
[Date "2013.11.01"]
[Round "4.10"]
[White "Wihlborn,B"]
[Black "Duenas,A"]
[Result "0-1"]
[WhiteElo "1835"]
[BlackElo "1901"]

1.Nf3 d5 2.c4 e6 3.d4 Nf6 4.Nc3 Be7 5.e3 O-O 6.Qc2 c5 7.Bd3 Nc6 8.a3 dxc4
9.Bxc4 cxd4 10.exd4 Nxd4 11.Nxd4 Qxd4 12.Be2 Bd7 13.Be3 Qe5 14.Bf3 Nd5 15.Nxd5 exd5
16.Rd1 Be6 17.O-O Rfc8 18.Qa4 a6 19.Rfe1 b5 20.Qa5 Qxb2 21.Bxd5 Bxd5 22.Rxd5 Qxa3
23.Qd2 Bb4  0-1

[Event "14th Liberec Open"]
[Site "Liberec CZE"]
[Date "2013.11.02"]
[Round "9.3"]
[White "Cip,D"]
[Black "Nguyen,Thai Dai Van"]
[Result "0-1"]
[WhiteElo "2088"]
[BlackElo "2164"]

1.Nf3 d5 2.c4 d4 3.g3 Nc6 4.Bg2 e5 5.d3 Nf6 6.O-O a5 7.Na3 Be7 8.Nc2 O-O
9.b3 Re8 10.a3 e4 11.Ng5 exd3 12.exd3 Bg4 13.f3 Bf5 14.Ne4 Qd7 15.Nf2 h5
16.Bg5 Rad8 17.Qd2 a4 18.b4 b5 19.cxb5 Na7 20.Ne4 Nxe4 21.fxe4 Bg6 22.Bxe7 Qxe7
23.Bh3 Nxb5 24.Bf5 Qd6 25.Rf2 Nc3 26.Rc1 Bxf5 27.Rxf5 Re5 28.Rxe5 Qxe5 29.Rf1 g6
30.Qf2 Qe6 31.Qf6 Rd6 32.Qxe6 fxe6 33.Rf6 e5 34.Rxd6 cxd6 35.Kf2 Kf7 36.Kf3 g5
37.g4 h4 38.Kf2 Ke6 39.Ne1 Nb5 40.Nc2 d5 41.exd5+ Kxd5 42.h3 e4 43.dxe4+ Kxe4
44.Ne1 Nxa3 45.Nf3 Nb5 46.Nxg5+ Kd3 47.Ne6 a3 48.Nc5+ Kc2  0-1

[Event "13th Sautron Open 2013"]
[Site "Sautron FRA"]
[Date "2013.11.02"]
[Round "9.7"]
[White "Bailet,P"]
[Black "Peric,Sl"]
[Result "1-0"]
[WhiteElo "2474"]
[BlackElo "2199"]

1.Nf3 d5 2.c4 c6 3.d4 Nf6 4.Nc3 e6 5.Bg5 Nbd7 6.e3 Qa5 7.Nd2 Bb4 8.Qc2 dxc4
9.Bxf6 Nxf6 10.Nxc4 Qg5 11.O-O-O O-O 12.h4 Qh6 13.Ne5 Bxc3 14.bxc3 Nd7 15.g4 g6
16.g5 Qg7 17.f4 Rd8 18.Ng4 Qf8 19.h5 f5 20.gxf6 Nxf6 21.Nxf6+ Qxf6 22.hxg6 hxg6
23.Bd3 Rd7 24.Rdg1 Rg7 25.Bxg6 Kf8 26.Qh2 Ke7 27.Bd3 Bd7 28.Qb2 Rxg1+ 29.Rxg1 Rh8
30.Qb4+ Kd8 31.Qxb7  1-0